Soccer: Up-And-Down English Teams Quiz Stats

 Plays Quiz Updated Aug 21, 2018

Challenge
Share
Tweet
Embed
Score 0/23 Timer 07:00
0 Plays Today
Moves Club % Correct
13Newcastle United
87.3%
18Sunderland
82.7%
21Manchester City
79.8%
13West Ham United
77.9%
14Norwich City
77.3%
19West Bromwich Albion
76%
12Leeds United
75.7%
16Burnley
73.9%
18Middlesbrough
73.6%
23Leicester City
72.6%
13Stoke City
67.7%
24Birmingham City
67.2%
Moves Club % Correct
14Wolverhampton Wanderers
66.7%
10Queens Park Rangers
66.3%
13Chelsea
65.5%
15Derby County
64.2%
19Bolton Wanderers
63.7%
13Crystal Palace
63.3%
14Nottingham Forest
62.9%
18Sheffield Wednesday
62.2%
14Sheffield United
61.6%
11Preston North End
39%
11Notts County
26.3%

You're not logged in!

Compare scores with friends on all Sporcle quizzes.
OR
Log In

You Might Also Like...

Show Comments

Extras

Top Quizzes Today


Score Distribution

Your Account Isn't Verified!

In order to create a playlist on Sporcle, you need to verify the email address you used during registration. Go to your Sporcle Settings to finish the process.

Report this User

Report this user for behavior that violates our Community Guidelines.

Details: